Koya DeLaney and the good girl blues / (Record no. 864)

MARC details
000 -LEADER
fixed length control field 00870nam a22002657a 4500
005 - DATE AND TIME OF LATEST TRANSACTION
control field 20230804160103.0
020 ## - INTERNATIONAL STANDARD BOOK NUMBER
International Standard Book Number 0590433008 :
040 ## - CATALOGING SOURCE
Original cataloging agency DLC
Transcribing agency DLC
Modifying agency DLC
Language of cataloging eng
050 00 - LIBRARY OF CONGRESS CALL NUMBER
Classification number PZ7.G845
Item number Ko 1992
082 00 - DEWEY DECIMAL CLASSIFICATION NUMBER
Classification number 813
Edition number 20
100 1# - MAIN ENTRY--PERSONAL NAME
Personal name Greenfield, Eloise
245 10 - TITLE STATEMENT
Title Koya DeLaney and the good girl blues /
Statement of responsibility, etc. Eloise Greenfield.
260 ## - PUBLICATION, DISTRIBUTION, ETC.
Place of publication, distribution, etc. New York :
Name of publisher, distributor, etc. Scholastic,
Date of publication, distribution, etc. 1992.
300 ## - PHYSICAL DESCRIPTION
Extent 124 pages :
Dimensions 20 cm.
505 ## - FORMATTED CONTENTS NOTE
Formatted contents note R <br/>
520 ## - SUMMARY, ETC.
Summary, etc. Koya Delaney, an eleven-year-old African-American girl, has trouble expressing anger, until her cousin, a popular male singer, comes to town.
521 ## - TARGET AUDIENCE NOTE
Target audience note 740 <br/>
Source Lexile <br/>
521 ## - TARGET AUDIENCE NOTE
Target audience note R <br/>
Source Raz-Plus
650 #1 - SUBJECT ADDED ENTRY--TOPICAL TERM
Topical term or geographic name entry element African Americans
Form subdivision Fiction.
650 #1 - SUBJECT ADDED ENTRY--TOPICAL TERM
Topical term or geographic name entry element Anger
Form subdivision Fiction.
906 ## - LOCAL DATA ELEMENT F, LDF (RLIN)
a 7
b cbc
c orignew
d 1
e ocip
f 19
g y-gencatlg
942 ## - ADDED ENTRY ELEMENTS (KOHA)
Source of classification or shelving scheme Dewey Decimal Classification
Koha item type Books
Suppress in OPAC No
999 ## -
-- 864
-- 864
Holdings
Withdrawn status Lost status Source of classification or shelving scheme Damaged status Not for loan Collection Home library Current library Shelving location Date acquired Total Checkouts Full call number Barcode Date last seen Copy number Price effective from Koha item type
    Dewey Decimal Classification     Fiction Footprints International School Library Network Toul Kork Campus Footprints International School Library Network Toul Kork Campus TK Primary Library Room(4th Floor), Bookcase 5&6, Shelves 33-56, Orange Books 07/12/2023   GRE Fic 813 PZ7.G845 FISTK05471 07/12/2023 1 07/12/2023 Books
    Dewey Decimal Classification     Fiction Footprints International School Library Network Toul Kork Campus Footprints International School Library Network Toul Kork Campus TK Primary Library Room(4th Floor), Bookcase 5&6, Shelves 33-56, Orange Books 07/13/2023   GRE Fic 813 PZ7.G845 FISTK04858 07/13/2023 2 07/13/2023 Books